Library of the University of Algiers 3
Ibrahim Sultan Cheibout
شعار جامعة الجزائر 3
مكتبة جامعة الجزائر 3
إبراهيم سلطان شيبوط

الفساد وأخلاقيات العمل / (رقم التسجيلة. 41183)

تفاصيل مارك
000 -LEADER
fixed length control field 01709nam a2200217Ia 4500
003 - CONTROL NUMBER IDENTIFIER
control field Ost
005 - DATE AND TIME OF LATEST TRANSACTION
control field 20260416102355.0
008 - FIXED-LENGTH DATA ELEMENTS--GENERAL INFORMATION
fixed length control field 260416s9999||||xx |||||||||||||| ||und||
040 ## - CATALOGING SOURCE
Transcribing agency fsecg
041 ## - LANGUAGE CODE
Language code of text/sound track or separate title ara
082 ## - DEWEY DECIMAL CLASSIFICATION NUMBER
Classification number 350.996
100 ## - MAIN ENTRY--PERSONAL NAME
Personal name خالفي، وهيبة
Relator term مؤلف
245 #0 - TITLE STATEMENT
Title الفساد وأخلاقيات العمل /
Statement of responsibility, etc. وهيبة خالفي
260 ## - PUBLICATION, DISTRIBUTION, ETC.
Place of publication, distribution, etc. الجزائر
Name of publisher, distributor, etc. جامعة الجزائر3: كلية العلوم الإقتصادية، العلوم التجارية وعلوم التسيير
Date of publication, distribution, etc. 2020
300 ## - PHYSICAL DESCRIPTION
Extent 55 ورقة
Other physical details ايضاحات
Dimensions 30 سم
520 ## - SUMMARY, ETC.
Summary, etc. ماهية الفساد و خصائصه و انواعه و أسبابه و أشكال و صور الفساد و جهود مكافحة غسيل الاموال على الصعيد العربي و أثار الفساد و مؤشراته و آليات الحد منه و جهود مكافحته و الدين الاسلامي و مكافحته للفساد كما تم التطرق الى مفهوم الأخلاق و الأخلاق من المنظور الاسلامي و أنواع و أهمية الأخلاق و مصادر الخلق الحسن و ماهية أخلاق العمل و مفهوم العمل و الفرق بين العمل و المهنة و مظاهر اكتياب أخلاقيات العمل و التدرب على هذه الأخلاقيات و أخيرا الاخلاقيات المطلوبة في العامل و صاحب العمل.
653 ## - INDEX TERM--UNCONTROLLED
Uncontrolled term الاخلاق المهنية
653 ## - INDEX TERM--UNCONTROLLED
Uncontrolled term الفساد
710 ## - ADDED ENTRY--CORPORATE NAME
Corporate name or jurisdiction name as entry element جامعة الجزائر3: كلية العلوم الإقتصادية، العلوم التجارية وعلوم التسيير
Relator term ناشر علمي
942 ## - ADDED ENTRY ELEMENTS (KOHA)
Koha item type مطبوعات
المقتنيات
Withdrawn status Lost status Source of classification or shelving scheme Damaged status Not for loan Home library Current library Date acquired Serial enumeration / chronology Inventory number Total checkouts Full call number Barcode Date last seen Price effective from Koha item type
    Dewey Decimal Classification   NOT LOAN / إعارة داخلية مكتبة كلية العلوم الإقتصادية والعلوم التجارية وعلوم التسيير مكتبة كلية العلوم الإقتصادية والعلوم التجارية وعلوم التسيير 16/04/2026 الطابق الثاني مط.309-1   مط.309 ن1 مط.309-1 16/04/2026 16/04/2026 مطبوعات

موارد الويب المفتوحة


© University of Algiers 3 All Rights Reserved
|
Implemented by LECHELAH Riad